000 00786nam a2200229 i 4500
001 37429
003 ES-MaACL
005 20250804012819.0
007 t|
008 030221s1956 sp ||||1| spa d
100 1 _aCaba, Pedro,
_d1900-1992
_933052
245 1 0 _aMetafísica de los sexos humanos :
_bintroducción /
_cPedro Caba.
260 _aMadrid :
_bÍndice,
_c1956 (
_fLutkas)
300 _a180 p. ;
_c19 cm.
490 1 _aColección Unamuno
594 _a"Anticipación del primer libro de una serie que lleva por título general La filosofía vuelve al hombre"
650 7 _aMetafísica
_2embne
_915012
650 7 _aAntropología filosófica
_2embne
_99891
830 1 _aColección Unamuno
_9183570
852 _aES-MaACL
_jC-10513
999 _c37429
_d37429